| 000 | 00512nam a2200181Ia 4500 | ||
|---|---|---|---|
| 005 | 20250508154507.0 | ||
| 008 | 008 250505s9999 xx 000 0 eng d | ||
| 037 | _aTextual | ||
| 040 |
_aFEDL _beng _cFEDL |
||
| 041 |
_aeng _2eng |
||
| 084 |
_a371.84, HOC _qFEDL |
||
| 100 |
_aHock Louise E _995064 |
||
| 245 | 0 | _aUsing committees in the classroom | |
| 260 |
_aNew York, USA _bHolt, Rinehart and Winston _c1961 |
||
| 300 | _a55p. | ||
| 942 |
_cTEXL _h371.84, HOC |
||
| 999 |
_c1350571 _d1350571 |
||